|
|
|
|
| LEADER |
03700cam a2200469Ii 4500 |
| 001 |
on1117448707 |
| 003 |
OCoLC |
| 005 |
20210423014342.0 |
| 006 |
m o d |
| 007 |
cr cnu---unuuu |
| 008 |
190905s2019 enka ob 001 0 eng d |
| 040 |
|
|
|a OPELS
|b eng
|e rda
|e pn
|c OPELS
|d EBLCP
|d YDXIT
|d UKMGB
|d OCLCF
|d UKAHL
|d OCLCQ
|d N$T
|d OUP
|d OCLCQ
|d SFB
|d OCLCO
|d OCLCA
|
| 015 |
|
|
|a GBB9F3413
|2 bnb
|
| 016 |
7 |
|
|a 019533483
|2 Uk
|
| 019 |
|
|
|a 1136279433
|
| 020 |
|
|
|a 0128163402
|q (electronic book)
|
| 020 |
|
|
|a 9780128163405
|q (electronic bk.)
|
| 020 |
|
|
|z 9780128161937
|q (print)
|
| 035 |
|
|
|a (OCoLC)1117448707
|z (OCoLC)1136279433
|
| 050 |
|
4 |
|a RC1210
|b .S66 2019
|
| 082 |
0 |
4 |
|a 617.1/027
|2 23
|
| 245 |
0 |
0 |
|a Sports, exercise, and nutritional genomics :
|b current status and future directions /
|c edited by Debmalya Barh, Ildus I. Ahmetov.
|
| 264 |
|
1 |
|a London, United Kingdom ;
|a San Diego, CA, United States :
|b Academic Press is an imprint of Elsevier,
|c [2019]
|
| 300 |
|
|
|a 1 online resource (xxiii, 582 pages) :
|b illustrations
|
| 336 |
|
|
|a text
|b txt
|2 rdacontent
|
| 337 |
|
|
|a computer
|b c
|2 rdamedia
|
| 338 |
|
|
|a online resource
|b cr
|2 rdacarrier
|
| 504 |
|
|
|a Includes bibliographical references and index.
|
| 505 |
0 |
|
|a Sports genetics -- Exercise genetics and molecular physiology -- Genetics of musculoskeletal exercise-related phenotypes -- Genetics of sport-related diseases and medical conditions -- Nutrigenetics, pharmacogenetics and metabolomics in sport and exercise.
|
| 588 |
0 |
|
|a Online resource; title from digital title page (viewed on September 16, 2019).
|
| 520 |
|
|
|a Sports, Exercise, and Nutritional Genomics: Current Status and Future Directions is the first reference volume to offer a holistic examination of omics-driven advances across different aspects of exercise and sports physiology, biochemistry, sports medicine, psychology, anthropology, and sports nutrition; and highlighting the opportunities towards advance personalized training and athlete health management. More than 70 international experts from 14 countries have discussed key exercise and sport-related themes through the prism of genomics, epigenomics, transcriptomics, proteomics, metabolomics, telomere biology, talent in sport, individual differences in response to regular physical activity, that in the future may empower coaches, sports physicians, fitness experts, genetic counselors, and translational scientists to employ various omics data and approaches in improving health and physical performance of people participating in sports and exercise activities. Contributors address current knowledge of genetic influence on athletic performance, individual responses to exercise training, as well as the genetics of musculoskeletal phenotypes, exercise-related injuries, flexibility, and neurodegenerative disorders in athletes. Finally, performance-related and psychological traits associated with epigenetic, transcriptomic and metagenomic biomarkers are also considered, along with nutritional and pharmacogenomic aids in sports medicine and personalized nutrition.
|
| 650 |
|
0 |
|a Sports medicine.
|
| 650 |
|
0 |
|a Medical genetics.
|
| 650 |
|
7 |
|a Medical genetics.
|2 fast
|0 (OCoLC)fst01014133
|
| 650 |
|
7 |
|a Sports medicine.
|2 fast
|0 (OCoLC)fst01130709
|
| 650 |
1 |
2 |
|a Sports Medicine.
|0 (DNLM)D013178
|
| 650 |
2 |
2 |
|a Genetics, Medical.
|0 (DNLM)D005826
|
| 655 |
|
4 |
|a Electronic books.
|
| 700 |
1 |
|
|a Barh, Debmalya,
|e editor.
|
| 700 |
1 |
|
|a Ahmetov, Ildus I.,
|e editor.
|
| 776 |
0 |
8 |
|i Print version:
|t Sports, exercise, and nutritional genomics.
|d Amsterdam : Academic Press, [2019]
|z 9780128161937
|w (OCoLC)1120171488
|
| 856 |
4 |
0 |
|3 ScienceDirect
|u https://www.sciencedirect.com/science/book/9780128161937
|